01311 a2200229 450000100040000000500170000400800410002100300150006204000400007708000580011724500740017502000180024926400440026730000180031150505020032904100080083110000320083970000240087165000100089585601640090565000120106914720260407155413.0260407a2003 arg spa dAR-UNSa-BCEJYS aAR-UNSa-BCEJYSbspacAR-UNSa-BCEJYS a004.67*E:658xExcel para Administración de Empresas10aCaja y banco ; Soluciones con Microsoft ExcelpAnálisis del negocio a987-20416-2-8 1aBuenos Aires :bEdiciones Maurinac2003 a152 p.c20 cm a1. Introducción - 2. Caja diaria - 3. Caja con cuentas - 4. Administración de valores - 5. Sistema de bancos - 6. Equivalencias monetarias - 7. Forma de pago - 8. Recibos - 9. Listado de cobranzas - 10. Sistema de viáticos - 11. Control de gastos - 12. Planes de cuotas - 13. Configuración de la impresión de los archivos - 14. Plantillas en excel - 15. Combinar correspondencia - 16. Formatos Condicionales - 17. Operando con tablas dinámicas - 18. resumenes de datos mediante filtros aspa1 aGarcía Fronti, Matías S1 aPazos, Alejandro A. aEXCEL41uhttps://biblioeco.unsa.edu.ar/pmb/images/libros/Caja y banco. Soluciones con Microsoft Excel Garc?a Fronti, Mat?as S (2003).jpgyImagen de portadaqimage/jpeg a excel